000 00939cam a22002054a 4500
005 20250605164223.0
008 250528s ||||||||||||||||||||||||d
035 _a20740
020 _a1841155047
040 _aGR-AtMCL
_bgre
_dGR-AtMCL
_eAACR2
245 1 _aWhen Genius Failed / The Rise and Fall of Long - Term Capital Management: How One Small Bank Created a Trillion - Dollar Hole
250 _a1st
260 _bFourth Estate,
_c2002
300 _a266
520 _aA must - read thriller for anyone who works, or invests in markets. Author's Note and Acknowledgements, Introduction, The Rise of Long - Term Capital Management, Meriwether, Hedge Fund, On the Run, Dear Investors, Tug of War, A Nobel Price, The Fall of Long -Term Capital Management, Bank of Volatility, The Fall, The Human Factor, At the Fed, Epilogue, Notes, Index.
700 1 _aLowenstein Roger
_96709
942 _cBK
999 _c5824
_d5824